Statystyki dla Waluty Ameryki Południowej

Kliknij tutaj aby rozwiązać quiz!

Ogólne statystyki

  • Ten quiz został rozwiązany 114 razy
  • Średni wynik to 6 z 12

Statystyki odpowiedzi

PaństwoWaluta% Poprawnych
ArgentynaPeso Argentyńskie
90%
KolumbiaPeso Kolumbijskie
71%
ChilePeso Chilijskie
68%
UrugwajPeso Urugwajskie
65%
BrazyliaReal Brazylijski
59%
GujanaDolar Gujański
48%
SurinamDolar Surinamski
48%
WenezuelaPetro / Boliwar
46%
EkwadorDolar Amerykański
43%
PeruSol Peruwiański
30%
BoliwiaBoliviano
21%
ParagwajGuaraní
17%

Rozkład punktacji

Percentyl według liczby udzielonych odpowiedzi

Procent ludzi z każdym wynikiem

Twoja historia wyników

Nie rozwiązałeś tego quizu